Catalog

Record Details

Catalog Search



Iron Man and the armor wars. Part 2, The big red ... Read More

Caramagna, Joe.(Author).
Rousseau, Craig,(illustrator.). Marvel Entertainment Group.(Added Author).

Available copies

  • 1 of 1 copy available at LARL/NWRL Consortium.
  • 1 of 1 copy available at Lake Agassiz Regional Library. (Show preferred library)

Current holds

0 current holds with 1 total copy.

Show Only Available Copies
Location Call Number / Copy Notes Barcode Shelving Location Status Due Date
Moorhead Public Library J G CAR (Text) 33500011616877 Main Available -

Record details

  • ISBN: 9781614791652 (part 2)
  • ISBN: 1614791651 (part 2)
  • Physical Description: 1 volume (unpaged) : chiefly color illustrations ; ... Read More
  • Publisher: Minneapolis, MN : Spotlight, 2014.

Content descriptions

General Note:
"Marvel."
"Marvel age"--Cover.
Originally published in magazine form in November 2009.
Summary, etc.:
"Cash, cars, boats, houses...Tony Stark has got it ... Read More
Subject: Iron Man (Fictitious character) > Comic books, strips, etc.
Superheroes > Comic books, strips, etc.
Superheroes > Fiction.
Cartoons and comics.
Genre: Science fiction comic books, strips, etc.
Comic books, strips, etc.
LDR 02345cam a2200565Mi 4500
001159498
003LARL_NWRL_CONSORTIUM
00520131126110847.0
008131028s2014 mnua c 6 000 1 eng d
010 . ‡z2013003434
020 . ‡a9781614791652 (part 2)
020 . ‡a1614791651 (part 2)
020 . ‡z9781614791645 (part 1)
020 . ‡z9781614791669 (part 3)
020 . ‡z9781614791676 (part 4)
035 . ‡a(OCoLC)861994676
037 . ‡a1361071 ‡bQBI
040 . ‡aQBX ‡erda ‡beng ‡cQBX ‡dOCLCO
050 4. ‡aPZ7.7.C3653 ‡bIro 2014
08204. ‡a741.5/973 ‡223
08214. ‡a741.5 ‡215
1001 . ‡aCaramagna, Joe. ‡0(LARL_NWRL_CONSORTIUM)214378
24510. ‡aIron Man and the armor wars. ‡nPart 2, ‡pThe big red machine / ‡cJoe Caramagna, words ; Craig Rousseau, drawings ; Val Staples, colors ; Dave Sharpe, letters.
24614. ‡aIron Man armor wars. ‡nPart 2, ‡pThe big red machine
24630. ‡aBig red machine
260 . ‡aMinneapolis, MN : ‡bSpotlight, ‡c2014.
300 . ‡a1 volume (unpaged) : ‡bchiefly color illustrations ; ‡c27 cm
336 . ‡atext ‡2rdacontent
336 . ‡astill image ‡2rdacontent
337 . ‡aunmediated ‡2rdamedia
338 . ‡avolume ‡2rdacarrier
4900 . ‡aIron Man and the armor wars ; ‡vPart 2
500 . ‡a"Marvel."
500 . ‡a"Marvel age"--Cover.
500 . ‡aOriginally published in magazine form in November 2009.
520 . ‡a"Cash, cars, boats, houses...Tony Stark has got it all. The only thing that could ruin his day? If every single one of his Iron Man armors were stolen, and then turned against him"-- ‡cProvided by publisher.
650 0. ‡aIron Man (Fictitious character) ‡vComic books, strips, etc.
650 0. ‡aSuperheroes ‡vComic books, strips, etc.
650 1. ‡aSuperheroes ‡vFiction.
650 1. ‡aCartoons and comics. ‡0(LARL_NWRL_CONSORTIUM)175912
655 0. ‡aScience fiction comic books, strips, etc.
655 0. ‡aComic books, strips, etc.
7001 . ‡aRousseau, Craig, ‡eillustrator. ‡0(LARL_NWRL_CONSORTIUM)202808
7102 . ‡aMarvel Entertainment Group. ‡0(LARL_NWRL_CONSORTIUM)154083
948 . ‡hNO HOLDINGS IN LAL - 2 OTHER HOLDINGS
994 . ‡aZ0 ‡bLAL
901 . ‡a159498 ‡bOCLC ‡c159498 ‡tbiblio

Additional Resources